| Tag |
First Indicator |
Second Indicator |
Subfields |
| LEADER |
00000cam a2200000Ia 4500 |
| 001 |
in00003528708 |
| 005 |
20170928132703.0 |
| 008 |
150806s1836 fr 000 0 fre d |
| 035 |
|
|
|a (OCoLC)ocn916013317
|
| 035 |
|
|
|a (OCoLC)916013317
|
| 040 |
|
|
|a TXA
|c TXA
|d UtOrBLW
|
| 049 |
|
|
|a TXAM
|
| 090 |
|
|
|a PQ1222
|b .M33 1834b no. 14
|
| 100 |
1 |
|
|a Cormon, Eugène,
|d 1810-1903.
|0 http://id.loc.gov/authorities/names/n82047901
|
| 245 |
1 |
3 |
|a Le passé, ou, A tout péché misericorde :
|b comédie-vaudeville en un acte /
|c par mm. Cormon et Boulé.
|
| 246 |
3 |
0 |
|a Passé
|
| 246 |
3 |
0 |
|a A tout péché misericorde
|
| 246 |
1 |
|
|i Binder's title:
|a Magasin theatral
|f [no.] 14, Année 1836
|
| 264 |
|
1 |
|a [Paris] :
|b [Marchant],
|c [1836]
|
| 264 |
|
3 |
|a Paris :
|b Imprimerie de Ve Dondey-Dupré
|
| 300 |
|
|
|a 15 pages
|c 25 cm.
|
| 336 |
|
|
|a text
|b txt
|2 rdacontent
|
| 337 |
|
|
|a unmediated
|b n
|2 rdamedia
|
| 338 |
|
|
|a volume
|b nc
|2 rdacarrier
|
| 490 |
1 |
|
|a [Magasin théâtral ;
|v [t. 14]]
|
| 500 |
|
|
|a This item is number 15 in a volume of 20 theatrical plays bound together with spine title: Magasin theatral, 14, Année 1836.
|
| 500 |
|
|
|a Caption title.
|
| 500 |
|
|
|a "Représentée pour la première fois, à Paris, sur le théâtre des Variétés, le 2 octobre 1836."
|
| 700 |
1 |
|
|a Boulé, Auguste-Louis-Désiré,
|d 1799-1865.
|0 http://id.loc.gov/authorities/names/no95022255
|
| 710 |
2 |
|
|a Théâtre des variétés (Paris, France)
|0 http://id.loc.gov/authorities/names/no90003329
|
| 830 |
|
0 |
|a Magasin théâtral ;
|v t. 14.
|0 http://id.loc.gov/authorities/names/no98103003
|
| 994 |
|
|
|a C0
|b TXA
|
| 999 |
f |
f |
|s a04c4b6e-b772-33be-8b13-4d9ebff2e9ca
|i fa590dd2-0483-3fb4-9861-d02c5fcb09a1
|t 0
|
| 952 |
f |
f |
|p noncirc
|a Texas A&M University
|b College Station
|c Cushing Memorial Library & Archives
|d Cushing: Dawson French (Does not check out)
|t 0
|e PQ1222 .M33 1834b no. 14
|h Library of Congress classification
|i unmediated -- volume
|
| 998 |
f |
f |
|a PQ1222 .M33 1834b no. 14
|t 0
|l Cushing: Dawson French (Does not check out)
|